00611nam a2200193Ia 4500008004100000020001500041082001200056100002300068245003900091250000700130260003600137300002900173500001900202600002100221650005000242942000700292952010300299999001500402240925s9999 xx 000 0 und d a013017937x a004 KHO aKhoong ,Chan Meng 0aIT 2010: beyond the web life style aNA aLondon:bPrentice, Hallc,1999. aviii,311p.bNAfOriginal aIncludes Index aComputer Science aComputer science, information & general works cBK 001040708CSaUITUbUITUd2000-04-07eNAl0o004 KHOpQ3408r2024-09-25 07:13:08w2024-09-25yBK c5907d5907